000 00343 a2200157 4500
001 195421
020 _a978-85-86540-49-3
040 _cMagnum
100 _aCampos, Rafael
240 1 0 _aLínguas Brasílica
_lpor
245 1 0 _aLínguas Brasílica
300 _a32
362 0 _a2012
697 _aLITERATURA INFANTO-JUVENIL
942 _cBK
999 _c195421
_d195421